000 00372nam a2200145Ia 4500
008 220204s9999 xx 000 0 und d
082 _a574
_bMAC
100 _aHANES, Ted L
245 0 _aLiving world: Exploring modern biology
260 _aNew Jersey
_bPrentice Hall
_c1978
650 _aBiology
650 _aPlant nutrition
700 _aMACQUEEN, Jean
942 _cBK
999 _c29737
_d29737